000 00881cam a22002291 4500
001 l 37000030
003 DLC
005 20260227111535.0
008 840522s1936 dcuf f000 0 eng c
010 _al 37000030
035 _a(OCoLC)10763493
040 _aU.S. Dept. of Labor. Library
_cViBlbV
_dDLC
042 _apremarc
050 0 0 _aHD6093
_b.A35 no. 148
100 1 _aPidgeon, Mary Elizabeth.
245 1 4 _aThe employed woman homemaker in the United States;
_bher responsibility for family support,
_cby Mary Elizabeth Pidgeon.
260 _aWashington,
_bU.S. Govt. print. off.,
_c1936.
300 _av, 22 p.
_bplates
_c23 cm.
440 0 _aBulletin of the Women's Bureau ;
_vno. 148
500 _aAt head of title: United States Department of Labor. Frances Perkins, secretary. Women's Bureau. Mary Anderson, director.
650 0 _aWomen
_xEmployment
_zUnited States.
999 _c36212
_d36212